| 000 | 00454nam a22001217a 4500 | ||
|---|---|---|---|
| 999 |
_c9483 _d9483 |
||
| 003 | OSt | ||
| 008 | 201203b ||||| |||| 00| 0 eng d | ||
| 245 | _aJournal Of Structural Engineering | ||
| 250 | _a2016-17( Dec-Jan Vol.43 No.5 ) 2017( Feb-Mar Vol.43 No.6, Apr-May Vol.44 No.1, Jun-Jul Vol.44 No.2,Aug-Sep Vol.44 No.3, Oct Vol.44 No.4 ) | ||
| 260 |
_aChennai _bCSIR-Structural Engineering Research Centre |
||
| 650 | _aCivil Engineering | ||
| 942 |
_2ddc _cBV |
||